Chicago Blackhawks 2025-2026 Roster - Statistics

General Stats
  • This quiz has been taken 173 times
    172 since last reset
  • The average score is 17 of 25
Answer Stats
Jersey # Pos Player % Correct
98 C Connor Bedard
100%
91 C Frank Nazar
91%
30 G Spencer Knight
86%
59 LW Tyler Bertuzzi
83%
17 LW Nick Foligno
82%
8 C Ryan Donato
80%
40 G Arvid Soderblom
77%
5 D Connor Murphy
76%
72 D Alex Vlasic
75%
34 C Colton Dach
75%
6 D Sam Rinzel
70%
16 C Jason Dickinson
69%
28 LW Andre Burakovsky
68%
44 D Wyatt Kaiser
66%
55 D Artyom Levshunov
65%
20 C Ryan Greene
65%
46 D Louis Crevier
64%
11 C Oliver Moore
62%
86 C Teuvo Teravainen
61%
95 RW Ilya Mikheyev
58%
73 LW Lukas Reichel
53%
84 LW Landon Slaggert
52%
24 C Sam Lafferty
51%
48 D Matt Grzelcyk
44%
38 D Ethan Del Mastro
35%
No matching quizzes found
Score Distribution
Percent of People with Each Score
Percentile by Number Answered
Your Score History
You have not taken this quiz since the last reset